Countries that Border 6 or More Countries - Statistics

General Stats
  • This quiz has been taken 25 times
  • The average score is 23 of 34
Answer Stats
Hint Answer % Correct
14 China
95%
14 Russia
95%
10 Brazil
90%
10 France
90%
9 Germany
90%
7 India
90%
7 Poland
86%
9 Democratic Republic of the Congo
81%
7 Hungary
81%
7 Ukraine
81%
7 Iran
76%
6 Italy
76%
8 Saudi Arabia
76%
8 Turkey
76%
8 Austria
71%
6 Chad
71%
6 Afghanistan
67%
6 Iraq
67%
7 Mali
67%
6 Central African Republic
62%
7 Niger
62%
8 Serbia
57%
6 South Africa
57%
7 Sudan
57%
7 Algeria
52%
6 Burkina Faso
52%
6 South Sudan
52%
8 Zambia
52%
6 Ethiopia
48%
6 Libya
48%
6 Mozambique
48%
8 Tanzania
43%
6 Guinea
33%
6 Cameroon
24%
No matching quizzes found
Score Distribution
Percent of People with Each Score
Percentile by Number Answered
Your Score History
You have not taken this quiz